| 000 | 01061nam a22003377a 4500 | ||
|---|---|---|---|
| 001 | 0040840 | ||
| 003 | KOHA_MİRAKIL | ||
| 005 | 20260207003216.0 | ||
| 007 | ta | ||
| 008 | 140123b2012 tu a|||gr||||#||||0|tur | | ||
| 020 | _a9786051331850 | ||
| 040 |
_aTR-BiSEU _btur _cTR-BiSEU _erda |
||
| 041 | 0 | _atur | |
| 044 | _ctu | ||
| 050 |
_aHG3256.5.A6 _bY37 2012 |
||
| 100 | 1 | _aYarız, Ahmet. | |
| 245 | 1 |
_aBankacılıkta risk yönetimi : _brisk matrisi uygulaması/ _cAhmet Yarız ; Ahmet Yarız. |
|
| 250 | _a2. Basım | ||
| 264 | 1 |
_aAnkara : _bNobel _c2012 |
|
| 300 |
_aXX, 261 sayfa : _bresimli ; _c20 cm |
||
| 336 |
_ametin _btxt _2rdacontent |
||
| 337 |
_aaracısız _bn _2rdamedia |
||
| 338 |
_acilt _bnc _2rdacarrier |
||
| 490 | 1 |
_aNobel yayın no ; _v283. |
|
| 490 | 1 |
_aİktisadi - İdari Bilimler no ; _v56. |
|
| 650 | 0 |
_aBankalar ve bankacılık--Türkiye. _98341 |
|
| 650 | 0 |
_aBankacılık--Risk--Türkiye. _975723 |
|
| 830 | 1 |
_aNobel yayın no ; _v283. _91940 |
|
| 830 | 1 |
_aİktisadi - İdari Bilimler no ; _v56. _975724 |
|
| 942 |
_2lcc _cBK |
||
| 999 |
_c40705 _d40705 |
||